书目信息 |
| 题名: |
财政现实问题研究
|
|
| 作者: | 苏明 著 | |
| 分册: | ||
| 出版信息: | 北京 经济科学出版社 2008.02 |
|
| 页数: | 304页 | |
| 开本: | 24cm | |
| 丛书名: | ||
| 单 册: | ||
| 中图分类: | F812 | |
| 科图分类: | ||
| 主题词: | 财政--cai zheng--研究--中国 | |
| 电子资源: | ||
| ISBN: | 978-7-5058-6860-1 | |
| 000 | 00808nam0 2200229 450 | |
| 005 | 20080918101718.78 | |
| 010 | @a978-7-5058-6860-1@dCNY36.00 | |
| 100 | @a20071009d2008 em y0chiy0121 ea | |
| 101 | 0 | @achi |
| 102 | @aCN@b110000 | |
| 105 | @aak z 000yy | |
| 200 | 1 | @a财政现实问题研究@Acai zheng xian shi wen ti yan jiu@f苏明著 |
| 210 | @a北京@c经济科学出版社@d2008.02 | |
| 215 | @a304页@c图@d24cm | |
| 314 | @a苏明(1957- ),经济学博士,现任财政部财政科学研究所副所长、研究员、博士生导师。著有《财政理论与财政政策》等。 | |
| 330 | @a本书共分十章,其内容包括:公共财政与社会主义新农村建设、中国失业问题与财政政策等内容。 | |
| 606 | 0 | @a财政@Acai zheng@x研究@y中国 |
| 690 | @aF812@v4 | |
| 701 | 0 | @a苏明@Asu ming,@f1957- @4著 |
| 801 | 0 | @aCN@bLR@c20080918 |
| 905 | @aZUCC@dF812@eS850 | |
| 999 | @aLYX | |
| 财政现实问题研究/苏明著.-北京:经济科学出版社,2008.02 |
| 304页:图;24cm |
| ISBN 978-7-5058-6860-1:CNY36.00 |
| 本书共分十章,其内容包括:公共财政与社会主义新农村建设、中国失业问题与财政政策等内容。 |
| ● |
| 相关链接 |
|
|
|
正题名:财政现实问题研究
索取号:F812/S850
 
预约/预借
| 序号 | 登录号 | 条形码 | 馆藏地/架位号 | 状态 | 备注 |
| 1 | 678379 | 206783792 | 社科库409/422社科库 34排2列1层/ [索取号:F812/S850] | 在馆 | |
| 2 | 678380 | 206783809 | 社科库409/409社科库 49排6列2层/ [索取号:F812/S850] | 在馆 | |
| 3 | 678381 | 206783818 | 社科库409/409社科库 49排6列2层/ [索取号:F812/S850] | 在馆 |